000 00295nam a2200109Ia 4500
008 220204s9999 xx 000 0 und d
082 _a82-3
_bBLY
100 _aHitchcock, Alfred
245 4 _aThe three investigators in the secret of terror castle
260 _aLondon
_bArmada
_c1978
942 _cBK
999 _c32709
_d32709